10 Tallest Waterfalls - Statistics

General Stats
  • This quiz has been taken 38 times
  • The average score is 1 of 10
Answer Stats
Rank Height Waterfall % Correct
1st 979m (3,212ft) Angel Falls
100%
2nd 836m (2,744ft) Browne Falls
7%
3rd 818m (2,685ft) Ramnefjellsfossen
3%
6th 739m (2,424ft) Yosemite Falls
3%
4th 771m (2,531ft) Catarata Gocta
0%
5th 755m (2,477ft) Kjelfossen
0%
8th 612m (2007ft) Langfoss
0%
10th 560m (1837ft) Skrikjofossen
0%
7th 652m (2140ft) Snow Creek Falls
0%
9th 580m (1902ft) Sutherland Fals
0%
No matching quizzes found
Score Distribution
Percent of People with Each Score
Percentile by Number Answered
Your Score History
You have not taken this quiz